000 01229nam a22001937a 4500
999 _c63248
_d63248
003 Ge_BSU
005 20250703145615.0
008 250703s2010 ge ||||| |||| 00| 0 geo d
020 _a9789941913112
041 _ageo
080 _a336.14(479.22) ს-32
245 _aსაქართველოს სახელმწიფო ბიუჯეტის მონიტორინგი = Monitoring of state budget of Georgia /
_c[გამოც. მუშაობდნენ: დავით ნარმანია [და სხვ.]].
264 _aთბილისი :
_b[ეკონომიკის პრობლემების კვლევის ცენტრი,]
_c2010.
300 _a74 გვ. :
_bცხრ. ;
_c30 სმ.
440 _a პროექტი "საქართველოს 2009 წლის სახელმწიფო ბიუჯეტის გამჭვირვალობისა და ანგარიშვალდებულების გაზრდა მონიტორინგის გზით"
_925609
501 _aდანართები: გვ. 69-74.
520 _aრეზ. ინგლ.
942 _2udc
_cᲬᲘᲒᲜᲘ